La cabeza de goliat : microscopia de buenos aires /

Guardado en:
Autor Principal: Martinez Estrada, Ezequiel
Otros Autores: Ferrer, Christian, prol.
Formato: Libro
Publicado: Barcelona : Sol 90, 2001
Series:Clarín la biblioteca argentina. Serie Clásicos, 191/ dirigida por Ricardo Piglia y Osvaldo Tcherkaski
Materias:
Etiquetas: Agregar Etiqueta
Sin Etiquetas, Sea el primero en etiquetar este registro!
LEADER 01440nam a22002535a 4500
001 CEM.cems011944
005 20101109131534.0
008 130507s2001##################000#0#####d
003 CEMS
020 |a 8495594730 
082 0 4 |a A864.4 
100 1 |a Martinez Estrada, Ezequiel 
245 1 0 |a La cabeza de goliat :  |b microscopia de buenos aires /  |c Ezequiel Martínez Estrada ; prólogo de Christian Ferrer 
260 |a Barcelona :  |b Sol 90,  |c 2001 
300 |a 276 p. 
490 0 |a Clarín la biblioteca argentina. Serie Clásicos, 191/ dirigida por Ricardo Piglia y Osvaldo Tcherkaski 
505 0 |a Ezequiel Martínez Estrada ha sido uno de los mayores ensayistas argertinos del siglo XX .En esta obra hace un relevamiento descarnado y emocionado de la condición espiritual de la ciudad de Buenos Aires, este libro se publica en 1940 y es una notable exploración de las raíces existenciales de la ciudad a fin de ponderar la fortaleza de sus cimientos vitales y de sus simbolos idiosincráticos; quizás por ello mismo el autor subtituló a su obra Microscopía de Buenos Aires tanto como advirtió al lector que sus ideas son consecuencia de un «paseo urbano» -- 
653 |a Literatura 
653 |a Literatura argentina-siglo xx 
653 |a Ensayo 
653 |a Ensayo argentino-siglo xx 
653 |a Narrativa argentina 
700 1 |a Ferrer, Christian, prol. 
859 |a CEMS  |b BIB. CEMS - 11 de abril  |h A864.4  |i M366-7  |p 23075.05  |t Ej.1